000 01371nam a22002297a 4500
003 NALT
005 20251125232951.0
008 s2547 th tha d
040 _aNALT
041 _atha
050 _aZ 679.2.T5S54
_bช189ค 2547
100 0 _aชยพร มั่นศรแผลง
_955642
245 1 0 _aโครงการอาคารหอสมุดกลาง มหาวิทยาลัยศิลปากร วิทยาเขตสารสนเทศเพชรบุรี /
_cชยพร มั่นศรแผลง.
260 _aกรุงเทพฯ :
_bจุฬาลงกรณ์มหาวิทยาลัย,
_c2547
300 _a1 เล่ม :
_bภาพประกอบ, แผนผัง, ตาราง ;
_c21x30 ซม.
650 0 4 _aห้องสมุดมหาวิทยาลัยศิลปากร วิทยาเขตสารสนเทศเพชรบุรี -- การออกแบบและการสร้าง -- วิจัย
650 0 4 _aอาคารห้องสมุด -- การออกแบบและการสร้าง -- วิจัย
850 _aNALT
856 4 _uhttps://hdl.handle.net/20.500.14156/488410
942 _cRSH
_2lcc
999 _c45454
_d45454
998 _j109
_k อารีรัตน์ วิชาช่าง